000 00457nam a22001937a 4500
003 NUST
020 _a9693515048
038 _akhadija
082 _a891.4393
_bRAZ
100 _aRazia Butt
_988926
245 _aRaabee /
_cRazia Butt
260 _aLahore
_bSang e Meel
_c2003.
300 _a416p. ;
_b22cm.
500 _aHardcover.
563 _aHB
880 _6100-01
_aرضیہ بٹ
880 _6245-02
_aرابی
_cرضیہ بٹ
942 _cBK
_2ddc
999 _c33078
_d33078